Múzeum, Zimný prístav, Bratislava
Salvato in:
| Autore principale: | |
|---|---|
| Altri autori: | |
| Natura: | Manoscritto Libro |
| Lingua: | slovacco |
| Pubblicazione: |
Bratislava
2017
|
| Soggetti: | |
| Accesso online: | http://is.stuba.sk/zp/portal_zp.pl?podrobnosti=119079 |
| Tags: |
Nessun Tag, puoi essere il primo ad aggiungerne!!
|
MARC
| LEADER | 00000ntm a22000003a 4500 | ||
|---|---|---|---|
| 001 | stuzp63676 | ||
| 003 | SK-STU | ||
| 005 | 20210210081033.4 | ||
| 007 | ta | ||
| 008 | 150427s2015----xo-----f-mn---000-0-slo-d | ||
| 040 | |a STU |b slo | ||
| 041 | 0 | |a slo | |
| 100 | 1 | |a Budzáková, Lucia |u 058180 |4 aut |U FAD Fakulta architektúry |T FA Ústav architektúry občianskych budov |X 8198 |U A8180 |Y 399 |7 A000008198 | |
| 242 | 0 | 1 | |a Museum, Winter harbour, Bratislava The Area of Danube Culture |y eng |
| 245 | 1 | 0 | |a Múzeum, Zimný prístav, Bratislava |
| 260 | |c 2017 |a Bratislava | ||
| 650 | 4 | |a vzťah k rieke |2 slo | |
| 650 | 4 | |a inštalácia |2 slo | |
| 650 | 4 | |a rieka |2 slo | |
| 650 | 4 | |a kultúrne centrum |2 slo | |
| 650 | 4 | |a Dunaj |2 slo | |
| 650 | 4 | |a zmena riečnej hladiny |2 slo | |
| 650 | 4 | |a pavilóny |2 slo | |
| 650 | 4 | |a múzeum |2 slo | |
| 650 | 4 | |a nábrežie |2 slo | |
| 650 | 4 | |a river |2 eng | |
| 650 | 4 | |a museum |2 eng | |
| 650 | 4 | |a pavillions |2 eng | |
| 650 | 4 | |a installation |2 eng | |
| 650 | 4 | |a relationship towards river |2 eng | |
| 650 | 4 | |a riverside |2 eng | |
| 650 | 4 | |a Danube |2 eng | |
| 650 | 4 | |a shifting of river level |2 eng | |
| 650 | 4 | |a cultural centre |2 eng | |
| 700 | 1 | |a Schleicher, Alexander |u 058180 |k Z1 |4 ths |U FAD Fakulta architektúry |T FA Ústav architektúry občianskych budov |X 472 |U A8180 |Y 399 |7 A000000472 | |
| 856 | 4 | |u http://is.stuba.sk/zp/portal_zp.pl?podrobnosti=119079 |u https://opac.crzp.sk/?fn=detailBiblioForm&sid=E7FF18FD4FFD5019D8F2EA3CC38C | |